[Event "Asian Continental op 20th"]
[Site "Almaty"]
[Date "2023.06.10"]
[Round "8"]
[White "Fancy, Stuart"]
[Black "Khatibi, Mohammad Qais"]
[Result "0-1"]
[WhiteElo "1930"]
[BlackElo "1571"]
[PlyCount "88"]
[EventDate "2023.06.04"]
[EventType "swiss"]
[EventRounds "9"]
[EventCountry "KAZ"]
[SourceTitle "CBM 214 Extra"]
[Source "ChessBase"]
[SourceDate "2023.07.31"]
[SourceVersion "1"]
[SourceVersionDate "2023.07.31"]
[SourceQuality "1"]

1. Nc3 d5 2. d4 Nf6 3. Bg5 Nbd7 4. f3 e6 5. e4 dxe4 6. fxe4 h6 7. Bf4 Bb4 8. e5 Bxc3+ 9. bxc3 Nd5 10. Bd2 Qh4+ 11. Ke2 Qe4+ 12. Kf2 c5 13. Nf3 Ne7 14. Bd3 Qc6 15. Qe2 Qc7 16. Rhe1 b6 17. Kg1 Bb7 18. Rad1 Rc8 19. Qf2 c4 20. Be4 Bxe4 21. Rxe4 Qb7 22. Ree1 b5 23. Qg3 Nf5 24. Qf4 Nb6 25. g4 g5 26. Qe4 Qxe4 27. Rxe4 Ne7 28. Bc1 Ned5 29. Bd2 Na4 30. Ree1 Naxc3 31. Bxc3 Nxc3 32. Ra1 b4 33. Nd2 0-0 34. a3 Rfd8 35. axb4 Rxd4 36. Nf3 Rxg4+ 37. Kf2 Rf4 38. Kg3 Rc7 39. Ra5 Rb7 40. Ra3 Ne4+ 41. Kg2 Rxb4 42. Rxa7 Rb2 43. Re2 Nc3 44. Rd2 Nd5 0-1

[Event "Asian Continental op 20th"]
[Site "Almaty"]
[Date "2023.06.06"]
[Round "3"]
[White "Erzhanov, Arman"]
[Black "Fancy, Stuart"]
[Result "1-0"]
[WhiteElo "2228"]
[BlackElo "1930"]
[PlyCount "65"]
[EventDate "2023.06.04"]
[EventType "swiss"]
[EventRounds "9"]
[EventCountry "KAZ"]
[SourceTitle "CBM 214 Extra"]
[Source "ChessBase"]
[SourceDate "2023.07.31"]
[SourceVersion "1"]
[SourceVersionDate "2023.07.31"]
[SourceQuality "1"]

1. d4 d5 2. Nf3 Nf6 3. Bf4 Bf5 4. e3 e6 5. c4 Bxb1 6. Qxb1 Bb4+ 7. Kd1 Ne4 8. Qc2 Bd6 9. Bxd6 Qxd6 10. Bd3 f5 11. Ke2 Nd7 12. c5 Qe7 13. c6 bxc6 14. Qxc6 Rb8 15. b3 0-0 16. Qxc7 Qa3 17. Qc1 Qe7 18. Qc7 Qa3 19. Qc1 Qe7 20. Qb2 g5 21. h3 g4 22. hxg4 fxg4 23. Bxe4 dxe4 24. Nd2 Nf6 25. g3 Qb7 26. Rac1 Qb5+ 27. Rc4 Nd5 28. Qc2 Nb6 29. Qxe4 Rf7 30. Qxg4+ Kh8 31. a4 Qa6 32. Qxe6 Qb7 33. Rc6 1-0

[Event "Asian Continental op 20th"]
[Site "Almaty"]
[Date "2023.06.06"]
[Round "4"]
[White "Fancy, Stuart"]
[Black "Tanikin, Isabek"]
[Result "1/2-1/2"]
[WhiteElo "1930"]
[BlackElo "1778"]
[PlyCount "69"]
[EventDate "2023.06.04"]
[EventType "swiss"]
[EventRounds "9"]
[EventCountry "KAZ"]
[SourceTitle "CBM 214 Extra"]
[Source "ChessBase"]
[SourceDate "2023.07.31"]
[SourceVersion "1"]
[SourceVersionDate "2023.07.31"]
[SourceQuality "1"]

1. Nc3 d5 2. d4 Nf6 3. Bg5 Bf5 4. Bxf6 exf6 5. e3 c6 6. Bd3 Bxd3 7. Qxd3 Bb4 8. a3 Bd6 9. Nf3 0-0 10. 0-0 g6 11. e4 dxe4 12. Nxe4 Na6 13. Rad1 Nc7 14. c4 f5 15. Nxd6 Qxd6 16. Qb3 b6 17. Rd2 Rfe8 18. Rfd1 Ne6 19. Qa4 Nf8 20. h3 Rec8 21. b4 Nd7 22. d5 c5 23. b5 Re8 24. Qa6 Ne5 25. Nxe5 Rxe5 26. Qb7 Rae8 27. g3 Re4 28. Qc6 Rd8 29. Qxd6 Rxd6 30. Rc2 Re7 31. a4 a5 32. bxa6 Ra7 33. Rb1 Rxa6 34. Ra2 Rd7 35. Kf1 1/2-1/2

[Event "Olympiad-44"]
[Site "Chennai"]
[Date "2022.08.05"]
[Round "7.1"]
[White "Fancy, Stuart"]
[Black "Nguku Namale, Ben"]
[Result "0-1"]
[WhiteElo "1984"]
[BlackElo "1962"]
[PlyCount "56"]
[EventDate "2022.07.29"]
[EventType "team-swiss"]
[EventRounds "11"]
[EventCountry "IND"]
[SourceTitle "CBM 210"]
[Source "ChessBase"]
[SourceDate "2022.10.31"]
[SourceVersion "1"]
[SourceVersionDate "2022.10.31"]
[SourceQuality "1"]
[WhiteTeam "Papua New Guinea"]
[BlackTeam "Kenya"]
[WhiteTeamCountry "PNG"]
[BlackTeamCountry "KEN"]

1. e4 c6 2. d4 d5 3. Nc3 e6 4. Nf3 Nf6 5. exd5 exd5 6. Bd3 Bg4 7. 0-0 Be7 8. h3 Bh5 9. Bf4 0-0 10. Re1 Nbd7 11. g4 Bg6 12. Bxg6 hxg6 13. Ne5 Nxe5 14. dxe5 Nh7 15. Qd3 Ng5 16. Bxg5 Bxg5 17. Rad1 Qe7 18. Re2 Qe6 19. Qg3 Bd8 20. f4 Re8 21. Rf1 Bb6+ 22. Kh1 d4 23. Ne4 Qxa2 24. Nd6 Qd5+ 25. Kh2 Re7 26. c4 dxc3 27. bxc3 Bc7 28. Nxb7 Qb5 0-1

[Event "Olympiad-42"]
[Site "Baku"]
[Date "2016.09.02"]
[Round "1.1"]
[White "Fancy, Stuart"]
[Black "Asadli, Vugar Afgan Oglu"]
[Result "0-1"]
[WhiteElo "1995"]
[BlackElo "2406"]
[PlyCount "62"]
[EventDate "2016.09.02"]
[EventType "team-swiss"]
[EventRounds "11"]
[EventCountry "AZE"]
[SourceTitle "CBM 175"]
[Source "ChessBase"]
[SourceDate "2016.11.10"]
[SourceVersion "1"]
[SourceVersionDate "2016.11.10"]
[SourceQuality "1"]
[WhiteTeam "Papua New Guinea"]
[BlackTeam "Azerbaijan III"]
[WhiteTeamCountry "PNG"]
[BlackTeamCountry "AZE"]

1. e4 c5 2. c4 e6 3. Nc3 a6 4. g3 b6 5. Bg2 Bb7 6. Nge2 Qc7 7. 0-0 d6 8. f4 Nf6 9. f5 e5 10. d3 Be7 11. Nd5 Bxd5 12. exd5 b5 13. Nc3 b4 14. Ne4 Nxe4 15. Bxe4 Nd7 16. a3 h6 17. Qa4 0-0 18. axb4 cxb4 19. Qxb4 Rfb8 20. Qa5 Qa7+ 21. Kg2 Bg5 22. Bxg5 hxg5 23. b4 Qd4 24. Qc7 Nf6 25. Qxd6 Nxe4 26. dxe4 Qxe4+ 27. Kg1 Qd4+ 28. Kh1 Qxc4 29. Rfc1 Qe4+ 30. Kg1 Rxb4 31. Qc5 Rb2 0-1

[Event "Oceania zt"]
[Site "Cammeray"]
[Date "2015.07.10"]
[Round "9"]
[White "Kelly, Adam"]
[Black "Fancy, Stuart"]
[Result "1/2-1/2"]
[WhiteElo "1907"]
[BlackElo "2049"]
[PlyCount "37"]
[EventDate "2015.07.04"]
[EventType "swiss"]
[EventRounds "9"]
[EventCountry "AUS"]
[SourceTitle "CBM 167 Extra"]
[Source "ChessBase"]
[SourceDate "2015.09.14"]
[SourceVersion "1"]
[SourceVersionDate "2015.09.14"]
[SourceQuality "1"]

1. d4 g6 2. e4 Bg7 3. c4 d6 4. Nc3 e5 5. Nge2 Nc6 6. Be3 Nf6 7. f3 0-0 8. d5 Ne7 9. Qd2 Re8 10. 0-0-0 Nd7 11. g4 f5 12. exf5 gxf5 13. Bg5 Nf6 14. gxf5 Bxf5 15. Ng3 Qd7 16. Bxf6 Bxf6 17. Nxf5 Qxf5 18. Rg1+ Ng6 19. Bd3 1/2-1/2

[Event "Olympiad-41"]
[Site "Tromsoe"]
[Date "2014.08.10"]
[Round "8.1"]
[White "Bah, Ebrima"]
[Black "Fancy, Stuart"]
[Result "1-0"]
[WhiteElo "2070"]
[BlackElo "2036"]
[PlyCount "61"]
[EventDate "2014.08.02"]
[EventType "team-swiss"]
[EventRounds "11"]
[EventCountry "NOR"]
[SourceTitle "CBM 162"]
[Source "ChessBase"]
[SourceDate "2014.09.17"]
[SourceVersion "1"]
[SourceVersionDate "2014.09.17"]
[SourceQuality "1"]
[WhiteTeam "Gambia"]
[BlackTeam "Papua New Guinea"]
[WhiteTeamCountry "GAM"]
[BlackTeamCountry "PNG"]

1. e4 c5 2. c3 d5 3. e5 Nc6 4. d4 Bf5 5. Bd3 Bg6 6. Nf3 e6 7. Be3 c4 8. Bxg6 hxg6 9. b3 Nge7 10. 0-0 b5 11. Nbd2 Nf5 12. Bg5 f6 13. exf6 gxf6 14. Bf4 g5 15. Bg3 Bd6 16. Qe2 Kf7 17. a4 bxa4 18. bxc4 g4 19. Ne1 Nxg3 20. fxg3 Qg8 21. cxd5 exd5 22. Nd3 Re8 23. Qf2 Qg5 24. Rfe1 Rxe1+ 25. Nxe1 Rb8 26. Rxa4 Rb2 27. Ne4 dxe4 28. Qxb2 Qe3+ 29. Kf1 Ne7 30. Rxa7 Qh6 31. Qb3+ 1-0

[Event "Olympiad-41"]
[Site "Tromsoe"]
[Date "2014.08.08"]
[Round "6.1"]
[White "Suni, Syairazi"]
[Black "Fancy, Stuart"]
[Result "1/2-1/2"]
[WhiteElo "1860"]
[BlackElo "2036"]
[PlyCount "89"]
[EventDate "2014.08.02"]
[EventType "team-swiss"]
[EventRounds "11"]
[EventCountry "NOR"]
[SourceTitle "CBM 162"]
[Source "ChessBase"]
[SourceDate "2014.09.17"]
[SourceVersion "1"]
[SourceVersionDate "2014.09.17"]
[SourceQuality "1"]
[WhiteTeam "Brunei"]
[BlackTeam "Papua New Guinea"]
[WhiteTeamCountry "BRN"]
[BlackTeamCountry "PNG"]

1. e4 c5 2. Nf3 Nc6 3. d4 cxd4 4. Nxd4 Nf6 5. Nc3 e5 6. Ndb5 d6 7. Bg5 a6 8. Na3 b5 9. Nd5 Be6 10. c3 Bxd5 11. Bxf6 Qxf6 12. Qxd5 Rc8 13. Be2 Qe6 14. Qxe6+ fxe6 15. Nc2 g6 16. 0-0 h5 17. a4 Nd4 18. Nxd4 exd4 19. cxd4 bxa4 20. Bxa6 Rc2 21. Rxa4 Rxb2 22. Rc1 Be7 23. Rac4 0-0 24. f3 Bg5 25. Rd1 Be3+ 26. Kh1 Kf7 27. e5 dxe5 28. dxe5 Rd8 29. Rc7+ Ke8 30. Rc8 Rxc8 31. Bxc8 Ke7 32. g3 g5 33. Rd7+ Ke8 34. Rd3 Rb1+ 35. Kg2 Rb2+ 36. Kf1 Ba7 37. h3 Rf2+ 38. Ke1 Rg2 39. f4 Bf2+ 40. Kf1 Rxg3 41. Rxg3 Bxg3 42. fxg5 Ke7 43. Kg2 Bxe5 44. Kf3 Kf7 45. g6+ 1/2-1/2

[Event "Olympiad-41"]
[Site "Tromsoe"]
[Date "2014.08.03"]
[Round "2.1"]
[White "Fancy, Stuart"]
[Black "Almedina Ortiz, Edgardo J"]
[Result "1-0"]
[WhiteElo "2036"]
[BlackElo "2277"]
[PlyCount "101"]
[EventDate "2014.08.02"]
[EventType "team-swiss"]
[EventRounds "11"]
[EventCountry "NOR"]
[SourceTitle "CBM 162"]
[Source "ChessBase"]
[SourceDate "2014.09.17"]
[SourceVersion "1"]
[SourceVersionDate "2014.09.17"]
[SourceQuality "1"]
[WhiteTeam "Papua New Guinea"]
[BlackTeam "Puerto Rico"]
[WhiteTeamCountry "PNG"]
[BlackTeamCountry "PUR"]

1. Nc3 d5 2. e4 d4 3. Nce2 c5 4. Ng3 Nc6 5. Bc4 e6 6. f4 a6 7. a4 Qa5 8. b3 b5 9. Be2 Rb8 10. Nf3 Nf6 11. 0-0 Be7 12. axb5 Qxa1 13. bxc6 0-0 14. Ne5 Ne8 15. f5 Nc7 16. Bc4 Bd6 17. Nd3 e5 18. Qh5 Ne8 19. f6 Be6 20. Bxe6 g6 21. Qf3 fxe6 22. f7+ Kh8 23. fxe8Q Rbxe8 24. Qg4 Rxf1+ 25. Kxf1 c4 26. bxc4 Qa4 27. c5 Bc7 28. Qg5 Qxc2 29. Ke2 Qc4 30. h4 Qb5 31. h5 Qxc6 32. hxg6 Qd7 33. Nh5 Bd8 34. Qxe5+ Kg8 35. c6 Qe7 36. Ba3 Bc7 37. gxh7+ Qxh7 38. Qg5+ Kh8 39. Nf6 Bd8 40. Nxh7 Bxg5 41. Nxg5 Kg7 42. Nc5 e5 43. c7 Kf6 44. Nge6 Rc8 45. g4 a5 46. Kd3 Ke7 47. Kc4 Kd6 48. g5 Kc6 49. g6 a4 50. Nd8+ Kxc7 51. g7 1-0

[Event "Oceania zt"]
[Site "Nadi"]
[Date "2013.05.10"]
[Round "9"]
[White "Feldman, Vladimir"]
[Black "Fancy, Stuart"]
[Result "0-1"]
[WhiteElo "2233"]
[BlackElo "2091"]
[PlyCount "56"]
[EventDate "2013.05.05"]
[EventType "swiss"]
[EventRounds "9"]
[EventCountry "FIJ"]
[SourceTitle "CBM 154 Extra"]
[Source "ChessBase"]
[SourceDate "2013.06.25"]
[SourceVersion "2"]
[SourceVersionDate "2013.06.25"]
[SourceQuality "1"]

1. d4 d5 2. Nf3 Bg4 3. Ne5 Bf5 4. g3 Be4 5. f3 Bf5 6. Bg2 Nc6 7. Nxc6 bxc6 8. c4 Nf6 9. Nc3 g6 10. e4 dxe4 11. fxe4 Bd7 12. e5 Ng4 13. e6 Bxe6 14. Bxc6+ Bd7 15. Bxa8 Qxa8 16. 0-0 Bg7 17. Nd5 Qb7 18. Qf3 Bxd4+ 19. Be3 Qxb2 20. Qxf7+ Kd8 21. Qxe7+ Kc8 22. Rf8+ Rxf8 23. Qxf8+ Kb7 24. Re1 Qxh2+ 25. Kf1 Bf5 26. Qb4+ Bb6 27. Qd2 Nxe3+ 28. Nxe3 Qxd2 0-1

[Event "Olympiad-38"]
[Site "Dresden"]
[Date "2008.11.20"]
[Round "7"]
[White "Fancy, Stuart"]
[Black "Warner, Delisle"]
[Result "0-1"]
[WhiteElo "2128"]
[BlackElo "2226"]
[PlyCount "60"]
[EventDate "2008.11.13"]
[EventType "team-swiss"]
[EventRounds "11"]
[EventCountry "GER"]
[SourceTitle "CBM 128"]
[Source "ChessBase"]
[SourceDate "2009.01.28"]
[SourceVersion "1"]
[SourceVersionDate "2009.01.28"]
[SourceQuality "1"]
[WhiteTeam "Papua New Guinea"]
[BlackTeam "Barbados"]
[WhiteTeamCountry "PNG"]
[BlackTeamCountry "BAR"]

1. e4 e6 2. d4 d5 3. exd5 exd5 4. Bd3 Nc6 5. Ne2 Bd6 6. c4 dxc4 7. Bxc4 Nf6 8. Bg5 0-0 9. Nbc3 Be7 10. 0-0 Bg4 11. Qd3 Qd7 12. Bb5 a6 13. Ba4 b5 14. Bb3 b4 15. Bxf6 Bxf6 16. Nd5 Bd8 17. Rac1 Re8 18. Nef4 Bf5 19. Qd1 Na5 20. Ba4 c6 21. Nxb4 Bg5 22. Nxc6 Bxf4 23. Nxa5 Qd6 24. Bxe8 Bxh2+ 25. Kh1 Qh6 26. Bxf7+ Kxf7 27. Re1 Bc7+ 28. Kg1 Qh2+ 29. Kf1 Qh1+ 30. Ke2 Re8+ 0-1

[Event "Olympiad-38"]
[Site "Dresden"]
[Date "2008.11.17"]
[Round "5"]
[White "Fancy, Stuart"]
[Black "Van Tilbury, Craig"]
[Result "1/2-1/2"]
[WhiteElo "2128"]
[BlackElo "2280"]
[PlyCount "36"]
[EventDate "2008.11.13"]
[EventType "team-swiss"]
[EventRounds "11"]
[EventCountry "GER"]
[SourceTitle "CBM 128"]
[Source "ChessBase"]
[SourceDate "2009.01.28"]
[SourceVersion "1"]
[SourceVersionDate "2009.01.28"]
[SourceQuality "1"]
[WhiteTeam "Papua New Guinea"]
[BlackTeam "British Virgin Islands"]
[WhiteTeamCountry "PNG"]
[BlackTeamCountry "IVB"]

1. b4 e5 2. Bb2 Bxb4 3. Bxe5 Nf6 4. g3 0-0 5. Bg2 Re8 6. Bc3 Bxc3 7. Nxc3 d5 8. d4 c5 9. e3 Nc6 10. Nge2 cxd4 11. exd4 Bg4 12. h3 Bxe2 13. Nxe2 Qe7 14. Bf3 Qa3 15. Bg2 Qa6 16. Bf3 Qa3 17. Bg2 Qa6 18. Bf3 Qa3 1/2-1/2

[Event "Olympiad-38"]
[Site "Dresden"]
[Date "2008.11.13"]
[Round "1"]
[White "Larrea, Manuel"]
[Black "Fancy, Stuart"]
[Result "1-0"]
[WhiteElo "2267"]
[BlackElo "2128"]
[PlyCount "46"]
[EventDate "2008.11.13"]
[EventType "team-swiss"]
[EventRounds "11"]
[EventCountry "GER"]
[SourceTitle "CBM 128"]
[Source "ChessBase"]
[SourceDate "2009.01.28"]
[SourceVersion "1"]
[SourceVersionDate "2009.01.28"]
[SourceQuality "1"]
[WhiteTeam "Uruguay"]
[BlackTeam "Papua New Guinea"]
[WhiteTeamCountry "URU"]
[BlackTeamCountry "PNG"]

1. e4 e5 2. Nf3 d6 3. d4 exd4 4. Nxd4 g6 5. Nc3 Bg7 6. Be3 Nf6 7. f3 0-0 8. Qd2 Nc6 9. 0-0-0 Re8 10. g4 a6 11. h4 h5 12. Bg5 hxg4 13. Nxc6 bxc6 14. h5 gxh5 15. Rxh5 gxf3 16. Bd3 Bg4 17. Rh4 Re5 18. Bxf6 Qxf6 19. Rxg4 Kf8 20. Rh1 Ra5 21. Rh7 Bh8 22. Rf4 Rxa2 23. Nxa2 Qd8 1-0

[Event "Asia-ch 6th"]
[Site "Cebu"]
[Date "2007.09.24"]
[Round "6"]
[White "Fancy, Stuart"]
[Black "Yueh, Wei Po"]
[Result "1/2-1/2"]
[WhiteElo "2152"]
[BlackElo "2044"]
[PlyCount "20"]
[EventDate "2007.09.19"]
[EventType "swiss"]
[EventRounds "11"]
[EventCountry "PHI"]
[SourceTitle "CBM 120 Extra"]
[Source "ChessBase"]
[SourceDate "2007.11.01"]
[SourceVersion "1"]
[SourceVersionDate "2007.11.01"]
[SourceQuality "1"]

1. e4 c5 2. Nf3 d6 3. Be2 Nf6 4. Nc3 a6 5. 0-0 e5 6. a4 Nc6 7. d3 h6 8. Nd5 Be6 9. c4 Be7 10. Bd2 0-0 1/2-1/2

[Event "Asia-ch 6th"]
[Site "Cebu"]
[Date "2007.09.23"]
[Round "5"]
[White "Lalith, Babu MR"]
[Black "Fancy, Stuart"]
[Result "1-0"]
[WhiteElo "2353"]
[BlackElo "2152"]
[PlyCount "35"]
[EventDate "2007.09.19"]
[EventType "swiss"]
[EventRounds "11"]
[EventCountry "PHI"]
[SourceTitle "CBM 120 Extra"]
[Source "ChessBase"]
[SourceDate "2007.11.01"]
[SourceVersion "1"]
[SourceVersionDate "2007.11.01"]
[SourceQuality "1"]

1. Nf3 Nf6 2. c4 d5 3. d4 Bg4 4. Nc3 e6 5. Bg5 Bxf3 6. exf3 Bb4 7. Be2 dxc4 8. Bxc4 Nc6 9. 0-0 Qxd4 10. Qb3 0-0-0 11. Be3 Qh4 12. Bb5 Nd4 13. Bxd4 Rxd4 14. Ne2 Bc5 15. Nxd4 Bxd4 16. Rac1 Be5 17. g3 Qh3 18. Qe3 1-0